00465cam a2200169ua 45000010005000000080039000050400009000440820011000531000029000642450063000932500009001562600032001653000021001976530014002186530045002327000018002772229110805n ii |||gr||||Z||||||eng cMAIN a370.54 aSharma, Indira,eAuthor.1 aHistory and problems of indian educationcby Indira Sharma a1st. aAgra:bVinod pustak mandir. aiv; 320p:c23cm. aEducation aHistory and problems of indian education aN. R. Sharma,